00931nac a22002417a 4500001001000000003000900010005001700019008003400036040005400070072000800124100001900132110011100151245010900262260004000371300001100411490010600422500006900528502002500597650001300622650001100635650002100646650002200667BR8806375BR-BrBNA20240105120847.0230509b bl.|||m| |||| 00| 0 por d aBR-BrBNAbporcBiblioteca Nacional de Agricultura aE121 aFreire, N.M.S.1 aUniversidade Federal do Rio Grande do Sul, Porto Alegre (Brasil). Centro de Estudos e Pesquisas Economicas1 aMulher, trabalho e capital no campo, um estudo da pequena producao em Cruzeiro do Sul, Rio Grande do Sul3 aPorto Alegre, RS (Brasil): c1984.  a160 p. aTese de Conclusao dos Cursos de Pos-Graduacao em Economia Rural e Sociologia Rural (Brazil)vno. 95x a16 tables; Bibliography p. 149-155 (63 ref.); Summaries (En, Pt) aTese (Pos-graduacao) aTRABALHO aMULHER aPEQUENO PRODUTOR aRIO GRANDE DO SUL